[Event "Rochefort Accession 2019"]
[Site "Palais des CongrÃ¨s"]
[Date "2019.02.16"]
[Round "5.4"]
[White "Boudart, Alain"]
[Black "Lheritier, Boris"]
[Result "1/2-1/2"]
[WhiteElo "1793"]
[BlackElo "1796"]
[PlyCount "87"]
[EventDate "2019.??.??"]
[WhiteTeam "Echiquier Tourangeau"]
[BlackTeam "Echiquier VÃ©sulien"]

1. e4 g6 2. d4 Bg7 3. Nf3 c6 4. Bd3 d5 5. exd5 cxd5 6. h3 Nc6 7. c3 Nh6 8. Bxh6
Bxh6 9. O-O O-O 10. Re1 e6 11. Nbd2 Bd7 12. Ne5 Nxe5 13. Rxe5 Bg7 14. Re1 Rc8
15. Nf3 b5 16. a3 a5 17. Qd2 Qb6 18. Ne5 Qd6 19. Nxd7 Qxd7 20. Rac1 b4 21. axb4
axb4 22. Ra1 bxc3 23. bxc3 Rc7 24. Ra3 Qe7 25. Rea1 Rfc8 26. Ra8 Bf8 27. Rxc8
Rxc8 28. Rc1 Qh4 29. Rc2 Ra8 30. Ra2 Rc8 31. Rc2 Bd6 32. Bf1 Qf4 33. Qxf4 Bxf4
34. g3 Bh6 35. f4 Bg7 36. Bd3 h5 37. h4 Kf8 38. Kf2 Ke7 39. Ke3 Kd6 40. c4 dxc4
41. Rxc4 Rb8 42. Rc3 Rb2 43. Rc2 Rb3 44. Rc4 1/2-1/2

[Event "Rochefort Accession 2019"]
[Site "Palais des CongrÃ¨s"]
[Date "2019.02.20"]
[Round "5.5"]
[White "Roche, Philippe"]
[Black "Dautheville, Simon"]
[Result "0-1"]
[WhiteElo "1643"]
[BlackElo "1756"]
[PlyCount "80"]
[EventDate "2019.??.??"]
[WhiteTeam "Bordeaux ASPOM Echecs"]
[BlackTeam "Echiquier des Lions - Lyon Oullins"]

1. e4 c5 2. Nf3 d6 3. d4 cxd4 4. Nxd4 Nf6 5. Nc3 a6 6. Be2 e5 7. Nb3 Be7 8. O-O
b5 9. a3 Bb7 10. Bf3 O-O 11. Be3 Nbd7 12. Qe2 Nb6 13. Rad1 Qc7 14. Rd3 Nc4 15.
Bc1 Rac8 16. Rfd1 Qb6 17. Be3 Qc6 18. Bc1 a5 19. Nd5 Nxd5 20. Rxd5 Qb6 21. R5d3
a4 22. Nd2 b4 23. Nxc4 Rxc4 24. Rxd6 Bxd6 25. Qxc4 Rc8 26. Qd3 bxa3 27. bxa3
Bc5 28. Qe2 Bd4 29. Be3 Rc3 30. Bxd4 exd4 31. Qd2 Rxa3 32. Qxd4 Qxd4 33. Rxd4
Ra1+ 34. Bd1 g6 35. f3 a3 36. Kf2 a2 37. Ra4 Bc6 38. Ra7 Rxd1 39. Rxa2 Rd2+ 40.
Kg3 Bb5 0-1

[Event "Rochefort Accession 2019"]
[Site "Palais des CongrÃ¨s"]
[Date "2019.02.16"]
[Round "6.1"]
[White "Dautheville, Simon"]
[Black "Alashtar, Aasef"]
[Result "1/2-1/2"]
[WhiteElo "1756"]
[BlackElo "1857"]
[PlyCount "68"]
[EventDate "2019.??.??"]
[WhiteTeam "Echiquier des Lions - Lyon Oullins"]
[BlackTeam "Bordeaux ASPOM Echecs"]

1. d4 c5 2. d5 e5 3. dxe6 fxe6 4. e4 Nc6 5. Nc3 d6 6. Nf3 Be7 7. Bb5 Bd7 8. Bf4
a6 9. Be2 Qc7 10. a4 Nf6 11. Qd2 Nd4 12. Bg5 Nxe2 13. Qxe2 h6 14. Bf4 e5 15.
Be3 O-O 16. O-O Be6 17. Rad1 Qc6 18. Bc1 Rab8 19. Nh4 Kh7 20. f4 Bg4 21. Nf3
exf4 22. e5 dxe5 23. Qxe5 Rbe8 24. Qxf4 Bxf3 25. Qxf3 Qxf3 26. Rxf3 Rd8 27.
Rfd3 Rxd3 28. Rxd3 c4 29. Rd1 Ng4 30. Ne4 Bd8 31. g3 Re8 32. Nc3 Bb6+ 33. Kg2
Ba5 34. Ne4 Bd8 1/2-1/2

[Event "Rochefort Accession 2019"]
[Site "Palais des CongrÃ¨s"]
[Date "2019.02.16"]
[Round "6.2"]
[White "Louassier, Cedric"]
[Black "Diez, Ambre"]
[Result "1/2-1/2"]
[WhiteElo "1670"]
[BlackElo "1743"]
[PlyCount "70"]
[EventDate "2019.??.??"]
[WhiteTeam "Echiquier Surgerien"]
[BlackTeam "AGJA-Echiquier Aquitaine"]

1. e4 e5 2. Nf3 Nc6 3. Bb5 a6 4. Ba4 Nf6 5. O-O b5 6. Bb3 Be7 7. Re1 O-O 8. c3
d5 9. exd5 Nxd5 10. Nxe5 Nxe5 11. Rxe5 c6 12. d4 Bd6 13. Re1 Qh4 14. g3 Qh3 15.
Be3 Bg4 16. Qd3 Rae8 17. Qf1 Qh5 18. Nd2 f5 19. f4 g5 20. fxg5 Rxe3 21. Rxe3 f4
22. Rf3 Bxf3 23. Qxf3 Qxf3 24. Nxf3 fxg3 25. Kg2 gxh2 26. Nxh2 Bxh2 27. Kxh2
Kg7 28. Bxd5 cxd5 29. Kg3 Kg6 30. Re1 Kxg5 31. Re6 Rf6 32. Re5+ Rf5 33. Re6 Rf6
34. Re5+ Rf5 35. Re6 Rf6 1/2-1/2

[Event "Rochefort Accession 2019"]
[Site "Palais des CongrÃ¨s"]
[Date "2019.02.16"]
[Round "6.3"]
[White "Oriot, Patrice"]
[Black "Boudart, Alain"]
[Result "1-0"]
[WhiteElo "1969"]
[BlackElo "1793"]
[PlyCount "97"]
[EventDate "2019.??.??"]
[WhiteTeam "Echiquier Commingeois"]
[BlackTeam "Echiquier Tourangeau"]

1. e4 d6 2. d4 Nf6 3. Nc3 Nbd7 4. Nf3 e5 5. Bc4 Be7 6. O-O O-O 7. a4 a5 8. Qe2
c6 9. Rd1 Qc7 10. b3 Nb6 11. dxe5 dxe5 12. Bd3 h6 13. Bb2 Be6 14. Nb1 Bd6 15.
Nbd2 Nfd7 16. Nf1 Nc5 17. Ng3 g6 18. Qe3 Kg7 19. Qxc5 Bxc5 20. Bxe5+ Qxe5 21.
Nxe5 Bd4 22. Nf3 Bxa1 23. Rxa1 f6 24. Nd4 Bd7 25. f4 c5 26. Nf3 Bc6 27. Nd2
Rfe8 28. Kf2 Re7 29. h4 Bd7 30. Ndf1 Rc8 31. Ne3 Kf8 32. h5 gxh5 33. Nxh5 Rf7
34. Rh1 Ke7 35. Ng3 Rh8 36. Ngf5+ Bxf5 37. Nxf5+ Kd7 38. Ne3 Kc7 39. Rh5 Nd7
40. Bc4 Rff8 41. Bb5 Rf7 42. Bxd7 Kxd7 43. Rxc5 b6 44. Rb5 Kc6 45. Nc4 Rb7 46.
Rf5 h5 47. Rxf6+ Kc5 48. c3 h4 49. Ne5 1-0

[Event "Rochefort Accession 2019"]
[Site "Palais des CongrÃ¨s"]
[Date "2019.02.16"]
[Round "6.4"]
[White "Neau, Julien"]
[Black "Dimpre, Alexis"]
[Result "1/2-1/2"]
[WhiteElo "1910"]
[BlackElo "1624"]
[Annotator "chris"]
[PlyCount "105"]
[EventDate "2019.??.??"]
[WhiteTeam "Poitiers-Migne Echecs"]
[BlackTeam "L'Echiquier Angevin"]

1. d4 Nf6 2. c4 g6 3. Nc3 d5 4. e3 Bg7 5. cxd5 Nxd5 6. Nxd5 Qxd5 7. Ne2 O-O 8.
Nc3 Qd8 9. Be2 c6 10. O-O e5 11. dxe5 Bxe5 12. f4 Bg7 13. Bf3 Be6 14. Qe2 Nd7
15. e4 Nb6 16. Rd1 Qc7 17. g3 Rad8 18. Be3 Bc4 19. Qc2 Rfe8 20. b3 Nd5 21. Nxd5
Bxd5 22. Rac1 Be6 23. Bf2 Rxd1+ 24. Rxd1 a6 25. Qc5 Rd8 26. Bd4 Rxd4 27. Rxd4
Bxd4+ 28. Qxd4 Qa5 29. g4 Qxa2 30. Qd8+ Kg7 31. Qd4+ Kg8 32. Qd8+ Kg7 33. Qd4+
Kg8 34. f5 gxf5 35. Qd8+ Kg7 36. Qd4+ Kg8 37. exf5 Bxb3 38. f6 Bd5 39. Qb6 Qa1+
40. Kg2 Qxf6 41. Bxd5 Qd6 (41... cxd5) 42. Be4 Qd2+ 43. Qf2 Qxf2+ 44. Kxf2 Kg7
45. Bf5 a5 46. Ke3 h6 47. Bc8 b6 48. Bd7 c5 49. Bb5 Kg6 50. Kf4 h5 51. g5 f6
52. Bd3+ Kg7 53. Bb5 1/2-1/2

[Event "Rochefort Accession 2019"]
[Site "Palais des CongrÃ¨s"]
[Date "2019.02.16"]
[Round "6.5"]
[White "Delabbey, Florian"]
[Black "Maugin, Narada"]
[Result "1-0"]
[WhiteElo "1902"]
[BlackElo "1782"]
[Annotator "chris"]
[PlyCount "55"]
[EventDate "2019.??.??"]
[WhiteTeam "Club d'Echecs de Marennes-Oleron"]
[BlackTeam "L'Echiquier Angevin"]

1. d4 Nf6 2. c4 e6 3. Nc3 c5 4. d5 exd5 5. cxd5 d6 6. e4 g6 7. f4 Bg7 8. Bb5+
Nfd7 9. Nf3 a6 10. Bd3 b5 11. O-O O-O 12. Kh1 c4 13. Bc2 Nc5 14. f5 Re8 15. Bg5
Bf6 16. fxg6 hxg6 17. Bxf6 Qxf6 18. a3 Bg4 19. Qd4 Nbd7 20. e5 Nxe5 21. Nxe5
Qxe5 22. Qxg4 Kg7 23. Qf4 f5 24. g4 Qxf4 25. Rxf4 a5 26. gxf5 b4 27. f6+ Kf7
28. Nb5 1-0

[Event "Rochefort Accession 2019"]
[Site "Palais des CongrÃ¨s"]
[Date "2019.02.16"]
[Round "7.1"]
[White "Alashtar, Aasef"]
[Black "Oriot, Patrice"]
[Result "1-0"]
[WhiteElo "1857"]
[BlackElo "1969"]
[PlyCount "61"]
[EventDate "2019.??.??"]
[WhiteTeam "Bordeaux ASPOM Echecs"]
[BlackTeam "Echiquier Commingeois"]

1. b3 e5 2. Bb2 Nc6 3. c4 Nf6 4. e3 d5 5. cxd5 Nxd5 6. Nc3 a6 7. Nxd5 Qxd5 8.
Nf3 Bg4 9. Bc4 Qd7 10. h3 Bxf3 11. Qxf3 Rd8 12. O-O g6 13. d4 Bg7 14. dxe5 O-O
15. e6 fxe6 16. Qe4 Rde8 17. Rad1 Qe7 18. Bxg7 Kxg7 19. Bxa6 Qb4 20. Bc4 Re7
21. Rd3 Rf5 22. f4 Rf6 23. Rfd1 b5 24. Qxc6 bxc4 25. Qe4 Qa3 26. Qxc4 Qxa2 27.
Rd7 Rff7 28. Qxc7 Qe2 29. Qe5+ Kh6 30. Rxe7 Qxd1+ 31. Kh2 1-0

[Event "Rochefort Accession 2019"]
[Site "Palais des CongrÃ¨s"]
[Date "2019.02.16"]
[Round "7.2"]
[White "Louassier, Cedric"]
[Black "Delabbey, Florian"]
[Result "0-1"]
[WhiteElo "1670"]
[BlackElo "1902"]
[PlyCount "76"]
[EventDate "2019.??.??"]
[WhiteTeam "Echiquier Surgerien"]
[BlackTeam "Club d'Echecs de Marennes-Oleron"]

1. e4 c5 2. Nf3 Nc6 3. d4 cxd4 4. Nxd4 g6 5. c4 Nf6 6. Nc3 d6 7. Be3 Ng4 8. Bg5
Qb6 9. Be3 Nxe3 10. fxe3 Bg7 11. Nd5 Qd8 12. Qd2 O-O 13. Be2 e6 14. Nc3 Qg5 15.
O-O-O Nxd4 16. exd4 Qxd2+ 17. Kxd2 Bxd4 18. Kc2 Be5 19. Bf3 Bd7 20. Nb5 Rfc8
21. Nxd6 Bxd6 22. Rxd6 Rxc4+ 23. Kb3 Rc7 24. Rhd1 Bc6 25. R1d2 Kf8 26. e5 Bxf3
27. gxf3 Ke7 28. h3 Rb8 29. R2d4 b6 30. Rh4 h5 31. Rhd4 Rbb7 32. a4 Rc5 33. f4
Rbc7 34. Kb4 Rc2 35. b3 R2c3 36. Rd3 Rxd3 37. Rxd3 Rc5 38. Rc3 a5+ 0-1

[Event "Rochefort Accession 2019"]
[Site "Palais des CongrÃ¨s"]
[Date "2019.02.16"]
[Round "7.3"]
[White "Maruejols, Claude"]
[Black "Dautheville, Simon"]
[Result "1-0"]
[WhiteElo "1857"]
[BlackElo "1756"]
[PlyCount "51"]
[EventDate "2019.??.??"]
[WhiteTeam "L'Echiquier du Roy RenÃ©"]
[BlackTeam "Echiquier des Lions - Lyon Oullins"]

1. d4 d5 2. c4 c6 3. Nc3 Nf6 4. Nf3 dxc4 5. a4 Bf5 6. Ne5 Nbd7 7. Nxc4 Qc7 8.
g3 e5 9. dxe5 Nxe5 10. Bf4 Nfd7 11. Bg2 g5 12. Ne3 gxf4 13. Nxf5 Ng6 14. O-O
Bb4 15. Qc2 O-O-O 16. Rfd1 Kb8 17. Na2 Qb6 18. Nxb4 Qxb4 19. Rd4 Qc5 20. Rc4
Qe5 21. a5 a6 22. Rc1 Ka7 23. Rxc6 Rb8 24. Rc7 fxg3 25. hxg3 Qb5 26. Nd4 1-0

[Event "Rochefort Accession 2019"]
[Site "Palais des CongrÃ¨s"]
[Date "2019.02.16"]
[Round "7.4"]
[White "Diez, Ambre"]
[Black "Constantin, Francois"]
[Result "1-0"]
[WhiteElo "1743"]
[BlackElo "1843"]
[PlyCount "67"]
[EventDate "2019.??.??"]
[WhiteTeam "AGJA-Echiquier Aquitaine"]
[BlackTeam "Echiquier VÃ©sulien"]

1. Nf3 f5 2. g3 Nf6 3. Bg2 d6 4. d4 e6 5. b3 Be7 6. Bb2 O-O 7. O-O Qe8 8. Nbd2
Nbd7 9. c4 Ne4 10. d5 Nxd2 11. Qxd2 e5 12. b4 Qh5 13. c5 f4 14. cxd6 cxd6 15.
Rac1 Nf6 16. gxf4 Ng4 17. h3 Rxf4 18. Rc7 Bf6 19. Rfc1 Bf5 20. e3 Nxe3 21. Qxe3
Bxh3 22. Bxh3 Rxf3 23. Be6+ Kf8 24. Rc8+ Rxc8 25. Rxc8+ Ke7 26. Qxa7 Qg6+ 27.
Kf1 Qd3+ 28. Kg2 Rg3+ 29. Kh2 Rg2+ 30. Kxg2 Qg6+ 31. Kh2 Qh6+ 32. Bh3 Qf4+ 33.
Kg1 Qg5+ 34. Bg2 1-0

[Event "Rochefort Accession 2019"]
[Site "Palais des CongrÃ¨s"]
[Date "2019.02.16"]
[Round "7.5"]
[White "Babaud, Antoine"]
[Black "Lheritier, Boris"]
[Result "1-0"]
[WhiteElo "1548"]
[BlackElo "1796"]
[PlyCount "99"]
[EventDate "2019.??.??"]
[WhiteTeam "AytrÃ© - La Rochelle Echecs"]
[BlackTeam "Echiquier VÃ©sulien"]

1. d4 Nf6 2. c4 g6 3. Nc3 d5 4. cxd5 Nxd5 5. e4 Nxc3 6. bxc3 Bg7 7. Nf3 c5 8.
Bc4 Nc6 9. Be3 Bg4 10. Bxf7+ Kxf7 11. Ng5+ Ke8 12. Qxg4 Bf6 13. Nxh7 Rxh7 14.
Qxg6+ Rf7 15. e5 Bxe5 16. dxe5 Nxe5 17. Qh5 Qd5 18. Qg5 Nd3+ 19. Kf1 Rxf2+ 20.
Kg1 Qxg5 21. Bxg5 c4 22. h4 Kd7 23. Rh3 Re2 24. Rb1 b6 25. Re3 Rxe3 26. Bxe3
Rh8 27. g3 e5 28. a4 Rg8 29. Kh2 Rf8 30. Kg2 Kc6 31. Rb5 Ne1+ 32. Kh3 Nd3 33.
Kg4 Rg8+ 34. Bg5 e4 35. Kf5 e3 36. Bxe3 Rxg3 37. Bd4 Rh3 38. Kg5 Rh1 39. h5 Kd6
40. a5 bxa5 41. Rxa5 Rh2 42. h6 Rg2+ 43. Kf5 Rh2 44. Kg6 Nf4+ 45. Kh7 Re2 46.
Ra6+ Kd5 47. Rxa7 Re8 48. Bg7 Ne6 49. Kg6 Nf4+ 50. Kf7 1-0

[Event "Rochefort Accession 2019"]
[Site "Palais des CongrÃ¨s"]
[Date "2019.02.16"]
[Round "8.1"]
[White "Delabbey, Florian"]
[Black "Alashtar, Aasef"]
[Result "1/2-1/2"]
[WhiteElo "1902"]
[BlackElo "1857"]
[PlyCount "68"]
[EventDate "2019.??.??"]
[WhiteTeam "Club d'Echecs de Marennes-Oleron"]
[BlackTeam "Bordeaux ASPOM Echecs"]

1. d4 d5 2. c4 c6 3. cxd5 cxd5 4. Bg5 h6 5. Bh4 Nc6 6. Nc3 Nf6 7. Bxf6 exf6 8.
e3 Bb4 9. Bd3 O-O 10. Nge2 Be6 11. O-O a6 12. Nf4 Qd6 13. Qf3 Rfd8 14. Nce2 Qd7
15. h3 f5 16. Ng3 g6 17. Qe2 Bd6 18. Nxe6 Qxe6 19. Qf3 Rac8 20. Rac1 Ne7 21.
Ne2 Kg7 22. Nf4 Qd7 23. g3 Bb8 24. Bc2 Bxf4 25. Qxf4 Qd6 26. Qxd6 Rxd6 27. Bb3
Rdc6 28. Rxc6 Rxc6 29. Rd1 Kf6 30. Rd2 Ke6 31. Rc2 Kd6 32. Kf1 g5 33. f4 f6 34.
Ke2 Ke6 1/2-1/2

[Event "Rochefort Accession 2019"]
[Site "Palais des CongrÃ¨s"]
[Date "2019.02.16"]
[Round "8.2"]
[White "Maruejols, Claude"]
[Black "Babaud, Antoine"]
[Result "0-1"]
[WhiteElo "1857"]
[BlackElo "1548"]
[PlyCount "48"]
[EventDate "2019.??.??"]
[WhiteTeam "L'Echiquier du Roy RenÃ©"]
[BlackTeam "AytrÃ© - La Rochelle Echecs"]

1. d4 d5 2. c4 e6 3. Nc3 Nf6 4. Bg5 Be7 5. e3 O-O 6. Nf3 c6 7. Rc1 b6 8. Bd3
Nbd7 9. O-O Bb7 10. Qe2 c5 11. cxd5 Nxd5 12. Bxe7 Qxe7 13. Rfd1 cxd4 14. Nxd4
Nc5 15. Bb1 Rfd8 16. Nxd5 Bxd5 17. e4 Bb7 18. e5 Qg5 19. f3 Rxd4 20. Rxd4 Qxc1+
21. Rd1 Qf4 22. Kf2 g6 23. g3 Qb4 24. h4 Ba6 0-1

[Event "Rochefort Accession 2019"]
[Site "Palais des CongrÃ¨s"]
[Date "2019.02.16"]
[Round "8.3"]
[White "Neau, Julien"]
[Black "Diez, Ambre"]
[Result "0-1"]
[WhiteElo "1910"]
[BlackElo "1743"]
[PlyCount "80"]
[EventDate "2019.??.??"]
[WhiteTeam "Poitiers-Migne Echecs"]
[BlackTeam "AGJA-Echiquier Aquitaine"]

1. d4 Nf6 2. c4 c5 3. d5 b5 4. cxb5 a6 5. b6 Qxb6 6. Nc3 g6 7. e4 d6 8. Nf3
Nbd7 9. Be2 Bg7 10. Nd2 Qc7 11. a4 O-O 12. a5 e5 13. Nc4 Ne8 14. g4 f5 15. gxf5
gxf5 16. exf5 Rxf5 17. Bd3 Rf8 18. Ne4 Ndf6 19. Ng5 e4 20. Be2 h6 21. Nb6 hxg5
22. Nxa8 Qf7 23. Ra4 Bd7 24. Ra3 Nxd5 25. O-O Nf4 26. Nb6 Nxe2+ 27. Qxe2 Bb5
28. Qd1 Bxf1 29. Qxf1 Bd4 30. Be3 Bxb2 31. Ra4 Nf6 32. Nc4 Ng4 33. Qg2 Nxe3 34.
Qxg5+ Qg7 35. Qxg7+ Bxg7 36. fxe3 d5 37. Nd2 Bh6 38. Ra3 Rf7 39. Rb3 c4 40. Ra3
Kf8 0-1

[Event "Rochefort Accession 2019"]
[Site "Palais des CongrÃ¨s"]
[Date "2019.02.16"]
[Round "8.4"]
[White "Banana, Adnane"]
[Black "Rabouan, Christophe"]
[Result "1-0"]
[WhiteElo "1861"]
[BlackElo "1803"]
[PlyCount "129"]
[EventDate "2019.??.??"]
[WhiteTeam "Bordeaux ASPOM Echecs"]
[BlackTeam "Echiquier Club CrÃ©onnais"]

1. e4 c5 2. Nf3 Nc6 3. d4 cxd4 4. Nxd4 Nf6 5. Nc3 g6 6. Be3 Bg7 7. Bc4 O-O 8.
Bb3 Qa5 9. f3 Rd8 10. Qd2 e6 11. O-O-O d5 12. exd5 Nxd5 13. Nxd5 exd5 14. Qxa5
Nxa5 15. Nb5 Nxb3+ 16. axb3 b6 17. Nc7 Rb8 18. Nxd5 Bb7 19. Bf4 Ra8 20. Nc7
Rac8 21. Nb5 Bd5 22. Nd6 Rxd6 23. Bxd6 Bxb3 24. Rd2 h5 25. f4 Kh7 26. Kb1 Be6
27. Re1 b5 28. Be5 Bf8 29. Bf6 Rc4 30. Rd4 Rc6 31. Rd8 Bg7 32. Bxg7 Kxg7 33. b3
Bf5 34. Re2 Rb6 35. Ra8 a6 36. Kb2 Rd6 37. Ra7 Rc6 38. g3 Kf6 39. c3 Be6 40.
Rd2 Kf5 41. Ra8 Kg4 42. Rad8 Rc7 43. R8d6 Ra7 44. Rb6 h4 45. gxh4 Kxf4 46. h5
gxh5 47. Rd4+ Kf3 48. c4 bxc4 49. bxc4 Rc7 50. Kc3 a5 51. Rb5 Ra7 52. Rxh5 a4
53. Kb4 Ke3 54. Rdh4 a3 55. Re5+ Kf2 56. Rf4+ Kg2 57. Re2+ Kh3 58. Rf3+ Kh4 59.
Rxa3 Rb7+ 60. Kc3 Rc7 61. Re4+ Kh3 62. Kd4+ Kg2 63. Re2+ Kf1 64. Rc2 Rd7+ 65.
Ke3 1-0

[Event "Rochefort Accession 2019"]
[Site "Palais des CongrÃ¨s"]
[Date "2019.02.16"]
[Round "8.5"]
[White "Constantin, Francois"]
[Black "Roche, Philippe"]
[Result "0-1"]
[WhiteElo "1843"]
[BlackElo "1643"]
[PlyCount "100"]
[EventDate "2019.??.??"]
[WhiteTeam "Echiquier VÃ©sulien"]
[BlackTeam "Bordeaux ASPOM Echecs"]

1. c4 e5 2. Nc3 Nf6 3. g3 d5 4. cxd5 Nxd5 5. Bg2 Nb6 6. Nf3 Nc6 7. O-O Be7 8.
a3 O-O 9. b4 a6 10. Bb2 Be6 11. d3 f5 12. Rc1 Bf6 13. b5 Nd4 14. bxa6 Rxa6 15.
Nd2 Nc6 16. Nb3 Nd7 17. Nb5 Rb6 18. a4 Ne7 19. Rxc7 Rxb5 20. axb5 Qxc7 21. d4
Qc4 22. dxe5 Bxe5 23. Bxe5 Nxe5 24. Nd4 Rd8 25. e3 Bd5 26. Qc1 Bxg2 27. Kxg2
Qd5+ 28. Kg1 Rc8 29. Qa3 N7g6 30. h4 Nf3+ 31. Nxf3 Qxf3 32. Qd6 Qe4 33. Qd7 Rf8
34. Rd1 Ne5 35. Qc7 Nf3+ 36. Kf1 Re8 37. Rd8 Rxd8 38. Qxd8+ Kf7 39. Qd7+ Kg6
40. Qd6+ Kh5 41. Qf8 g6 42. Qd6 Kg4 43. Qd1 Kh3 44. Ke2 Kg4 45. Kf1 h6 46. Kg2
g5 47. hxg5 hxg5 48. b6 Qc6 49. e4 Qxe4 50. Qe2 Qxe2 0-1

[Event "Rochefort Accession 2019"]
[Site "Palais des CongrÃ¨s"]
[Date "2019.02.16"]
[Round "9.1"]
[White "Alashtar, Aasef"]
[Black "Diez, Ambre"]
[Result "1-0"]
[WhiteElo "1857"]
[BlackElo "1743"]
[PlyCount "95"]
[EventDate "2019.??.??"]
[WhiteTeam "Bordeaux ASPOM Echecs"]
[BlackTeam "AGJA-Echiquier Aquitaine"]

1. b3 Nf6 2. Bb2 g6 3. d4 Bg7 4. Nd2 d6 5. e4 Nc6 6. Ngf3 O-O 7. Bd3 Nd7 8. c3
e5 9. d5 Ne7 10. Qe2 f5 11. c4 Nc5 12. Bc2 a5 13. a3 Bd7 14. O-O-O Qb8 15. a4
c6 16. Ba3 Na6 17. h4 cxd5 18. exd5 h6 19. Nh2 Qc7 20. f4 Nb4 21. Bxb4 axb4 22.
fxe5 dxe5 23. Ndf3 Qd6 24. Rhe1 e4 25. Nf1 Bc3 26. Nd4 Qf6 27. Qf2 Bxe1 28.
Qxe1 Qd6 29. Qd2 Kg7 30. g3 Ng8 31. Ne2 Nf6 32. Ne3 Rfd8 33. Qd4 b6 34. Rf1 Qc5
35. Qd2 Rac8 36. Nd4 Qd6 37. Rxf5 Qxg3 38. h5 Ng4 39. Nf1 Qg1 40. Ne2 Qg2 41.
Rf4 Rf8 42. Bxe4 Qxf1+ 43. Rxf1 Rxf1+ 44. Kb2 gxh5 45. Qd4+ Kg8 46. Qxb6 Nf6
47. Ng3 Rf2+ 48. Qxf2 1-0

[Event "Rochefort Accession 2019"]
[Site "Palais des CongrÃ¨s"]
[Date "2019.02.16"]
[Round "9.2"]
[White "Babaud, Antoine"]
[Black "Banana, Adnane"]
[Result "1-0"]
[WhiteElo "1548"]
[BlackElo "1861"]
[PlyCount "84"]
[EventDate "2019.??.??"]
[WhiteTeam "AytrÃ© - La Rochelle Echecs"]
[BlackTeam "Bordeaux ASPOM Echecs"]

1. d4 Nf6 2. c4 e6 3. Nc3 Bb4 4. Nf3 b6 5. Bg5 Bb7 6. e3 O-O 7. Bd3 d5 8. cxd5
exd5 9. O-O c5 10. Rc1 Nbd7 11. Bf5 h6 12. Bh4 Ba6 13. Re1 Qe8 14. a3 Bxc3 15.
Rxc3 Ne4 16. Rc1 c4 17. Qa4 Nb8 18. Qc2 Nc6 19. Nd2 Nxd2 20. Qxd2 Na5 21. Rc3
Bc8 22. Bc2 Be6 23. e4 dxe4 24. Bxe4 Rc8 25. Rg3 f5 26. Bd5 Bxd5 27. Rxe8 Rcxe8
28. f3 f4 29. Rg4 Nb3 30. Qb4 g5 31. Bxg5 Be6 32. Bxh6+ Bxg4 33. Bxf8 Nxd4 34.
fxg4 Ne2+ 35. Kf2 Nd4 36. Qxc4+ Ne6 37. Bd6 Kg7 38. Be5+ Kg6 39. Qe4+ Kf7 40.
Bxf4 Nc5 41. Qf5+ Kg8 42. Qg6+ Kf8 1-0

[Event "Rochefort Accession 2019"]
[Site "Palais des CongrÃ¨s"]
[Date "2019.02.16"]
[Round "9.3"]
[White "Roche, Philippe"]
[Black "Delabbey, Florian"]
[Result "1-0"]
[WhiteElo "1643"]
[BlackElo "1902"]
[PlyCount "41"]
[EventDate "2019.??.??"]
[WhiteTeam "Bordeaux ASPOM Echecs"]
[BlackTeam "Club d'Echecs de Marennes-Oleron"]

1. e4 c5 2. Nf3 Nc6 3. d4 cxd4 4. Nxd4 g6 5. Nc3 Bg7 6. Be3 Nf6 7. Be2 O-O 8.
Nb3 d6 9. O-O Be6 10. f4 Qc8 11. Kh1 Rd8 12. Bf3 Bc4 13. Rf2 b5 14. a3 Rb8 15.
Rd2 Nd7 16. Bg4 Qc7 17. Bxd7 Rxd7 18. Nc5 b4 19. Nd5 Bxd5 20. Nxd7 Bxb2 21.
Nxb8 1-0

[Event "Rochefort Accession 2019"]
[Site "Palais des CongrÃ¨s"]
[Date "2019.02.16"]
[Round "9.4"]
[White "Barbotte, Jeanne"]
[Black "Maruejols, Claude"]
[Result "1/2-1/2"]
[WhiteElo "1679"]
[BlackElo "1857"]
[PlyCount "82"]
[EventDate "2019.??.??"]
[WhiteTeam "Echiquier Niortais"]
[BlackTeam "L'Echiquier du Roy RenÃ©"]

1. e4 c5 2. Nf3 d6 3. Bb5+ Nc6 4. O-O Bd7 5. c3 Nf6 6. Re1 a6 7. Bf1 Bg4 8. d3
e6 9. Nbd2 Be7 10. Be2 d5 11. e5 Nd7 12. d4 O-O 13. Nb3 cxd4 14. cxd4 Rc8 15.
a3 Nb6 16. h3 Bh5 17. Nh2 Bxe2 18. Qxe2 Nc4 19. Qg4 Kh8 20. Nd2 N6a5 21. Nhf3
Qb6 22. b4 Nxd2 23. Nxd2 Nc4 24. Nb3 Qa7 25. Rd1 a5 26. Rd3 b6 27. Rg3 Rg8 28.
h4 Qd7 29. h5 axb4 30. axb4 Bxb4 31. Qf3 Be7 32. h6 g6 33. Bg5 Bxg5 34. Rxg5
Qd8 35. Qf4 Rf8 36. Ra7 f6 37. exf6 Qxf6 38. Qg3 Qf4 39. Rxg6 hxg6 40. Qxg6
Qxf2+ 41. Kh2 Qh4+ 1/2-1/2

[Event "Rochefort Accession 2019"]
[Site "Palais des CongrÃ¨s"]
[Date "2019.02.16"]
[Round "9.5"]
[White "Louassier, Cedric"]
[Black "Lucas, Thierry"]
[Result "1/2-1/2"]
[WhiteElo "1670"]
[BlackElo "1792"]
[PlyCount "54"]
[EventDate "2019.??.??"]
[WhiteTeam "Echiquier Surgerien"]
[BlackTeam "Echiquier Niortais"]

1. e4 c6 2. d4 d5 3. e5 Bf5 4. Bd3 Bxd3 5. Qxd3 e6 6. Nf3 c5 7. c4 Nc6 8. dxc5
Bxc5 9. O-O Nge7 10. a3 dxc4 11. Qxc4 Bb6 12. Bg5 Qc7 13. Bxe7 Nxe7 14. Qxc7
Bxc7 15. Nc3 a6 16. Rad1 Nc6 17. Rfe1 Ke7 18. Re4 Rhd8 19. Kf1 Rxd1+ 20. Nxd1
Rd8 21. Ke2 Bb6 22. Ne3 Nd4+ 23. Nxd4 Bxd4 24. b3 b5 25. f4 a5 26. a4 bxa4 27.
bxa4 Bc3 1/2-1/2